Arbeitseinstellung und Arbeitsverhalten der Werktätigen im Sozialismus

Salvato in:
Dettagli Bibliografici
Natura: Libro
Lingua:tedesco
Pubblicazione: Halle Martin-Luther-Universität 1979
Tags: Aggiungi Tag
Nessun Tag, puoi essere il primo ad aggiungerne!!

MARC

LEADER 00000nam a2200000 4500
001 c142793
005 20041019155325.9
041 0 |a ger 
044 |a DE 
245 1 0 |a Arbeitseinstellung und Arbeitsverhalten der Werktätigen im Sozialismus 
264 1 |a Halle  |b Martin-Luther-Universität  |c 1979 
300 |a 79 s.